| 000 -LEADER |
| fixed length control field |
01279nam a22001577a 4500 |
| 008 - FIXED-LENGTH DATA ELEMENTS--GENERAL INFORMATION |
| fixed length control field |
231114b ||||| |||| 00| 0 eng d |
| 100 ## - MAIN ENTRY--PERSONAL NAME |
| Personal name |
Sinha, Amerjeet |
| 245 ## - TITLE STATEMENT |
| Title |
Achieving sustainable development Goals (SDGs) |
| 260 ## - PUBLICATION, DISTRIBUTION, ETC. (IMPRINT) |
| Place of publication, distribution, etc |
IIPA Digest |
| 300 ## - PHYSICAL DESCRIPTION |
| Extent |
5(2), Apr-Jun, 2023: p.6-7 |
| 520 ## - SUMMARY, ETC. |
| Summary, etc |
Dr. S.V. Subramanian of the Harvard centre for population and development studies and the Harvard T.H. Chan School of Public health, et al (2023), have published a quantitative mid-line assessment of India’s progress on sustainable development goal indicators in707 districts, using the data from the national family health surveys. 2016 and 2021. These indicators are in critical sectors like access to basic series, wasting over-weight children, anemia, child marriage, partner violence, tobacco use and modern contraceptive use. While India did very well in its pro-poor public welfare programems and facilitated the coming out of multi-dimensional poverty for 415 million persons between. 2005-06 to 2019, it is a case of the glass being half full. The study points to a need for mid-course correction. – Reproduced |
| 650 ## - SUBJECT ADDED ENTRY--TOPICAL TERM |
| Topical term or geographic name as entry element |
Sustainable development Goals, SDGs |
| 9 (RLIN) |
46044 |
| 773 ## - HOST ITEM ENTRY |
| Main entry heading |
IIPA Digest |
| 906 ## - LOCAL DATA ELEMENT F, LDF (RLIN) |
| Subject DIP |
SUSTAINABLE DEVELOPMENT GOALS |
| 942 ## - ADDED ENTRY ELEMENTS (KOHA) |
| Item type |
Articles |